000
00269nam a22001217a 4500
008
180806b xxu||||| |||| 00| 0 eng d
082
_a
813.52
245
_a
Medical Encyclopedia
_c
Mosby
260
_c
1996
300
_a
1
_f
CD
440
_x
8004264545
942
_2
ddc
_c
MX
999
_c
46845
_d
46845